Statistics for Detroit Pistons 2016-17 Roster

Click here to take the quiz!

General Stats

  • This quiz has been taken 174 times
  • The average score is 9 of 16

Answer Stats

NbrPostPlayer% Correct
0CenterAndre Drummond
98%
1GuardReggie Jackson
89%
34ForwardTobias Harris
79%
5GuardKentavious Caldwell-Pope
67%
13ForwardMarcus Morris
64%
-Head CoachStan Van Gundy
64%
14GuardIsh Smith
63%
7ForwardStanley Johnson
62%
12Center-ForwardAron Baynes
44%
25ForwardReggie Bullock
42%
30ForwardJon Leuer
41%
51CenterBoban Marjanovic
38%
8ForwardHenry Ellenson
32%
6Guard-ForwardDarrun Hilliard
27%
19GuardBeno Udrih
25%
9Guard-ForwardMichael Gbinije
20%

Score Distribution

Percentile by Number Answered

Percent of People with Each Score

Your Score History

You have not taken this quiz